| 000 | 01118nas a2200337 4500 | ||
|---|---|---|---|
| 001 | BR2014002575 | ||
| 003 | BR-BrBNA | ||
| 005 | 20231205123936.0 | ||
| 007 | ta | ||
| 008 | 230509b bl.|||p| |||| 00| 00por d | ||
| 040 |
_aBR-BrBNA _bpor _cBiblioteca Nacional de Agricultura |
||
| 041 | _a(Pt) | ||
| 072 | _aL51; Q54 | ||
| 100 | 1 | _aPucci, L.E.A. | |
| 100 | 1 | _aRodrigues, P.B. | |
| 100 | 1 | _aBertechini, A.G. | |
| 100 | 1 | _aNascimento, G.A.J. do | |
| 100 | 1 | _aLima, R.R. de | |
| 100 | 1 | _aSilva, L.R. da | |
| 245 | 1 | _aForma física, suplementação enzimática e nível nutricional de rações para frangos de corte na fase inicial: desempenho e digestibilidade dos nutrientes | |
| 650 | _aFRANGO DE CORTE | ||
| 650 | _aRAÇÃO | ||
| 650 | _aMETABOLISMO | ||
| 650 | _aCOMPOSIÇÃO QUÍMICA | ||
| 650 | _aPERFORMANCE | ||
| 650 | _aDIGESTIBILIDADE | ||
| 773 | 0 |
_tRevista Brasileira de Zootecnia (Brazil) _xISSN 1806-9290 _g(Jun 2010), v. 39(6) p. 1272-1279 _wBR2014002575 |
|
| 856 | 4 | 0 | _uhttp://www.scielo.br/pdf/rbz/v39n6/16.pdf |
| 909 |
_a202311 _bLúcia _c55 _dLúcia Elande |
||
| 942 |
_2AGRIS _n0 _cANA |
||
| 999 |
_c236507 _d236507 |
||